000 00529nam a2200181Ia 4500
005 20250508154303.0
008 008 250505s9999 xx 000 0 eng d
037 _aTextual
040 _aFEDL
_beng
_cFEDL
041 _aeng
_2eng
084 _a420.7, GOR
_qFEDL
100 _aGordon Edward J Ed.
_992314
245 0 _aWriting and literature in the secondary school
260 _aNew York, USA
_bHolt, Rinehart and Winston
_c1965
300 _a295p.
942 _cTEXL
_h420.7, GOR
999 _c1349377
_d1349377